000 00498nam a2200169 i 4500
001 45434
003 ES-MaACL
005 20250918063025.0
007 t|
008 030326s1936 fr ||||1| fre d
100 1 _aColette,
_d1873-1954
_9161423
245 1 0 _aMes apprentissages
_b: ce que Claudine n'a pas dit /
_cColette.
260 _aParis :
_bFerenezi,
_c[1936] (
_eMontrouge :
_fImp. Moderne)
300 _a219 p. ;
_c20 cm.
852 _aES-MaACL
_jA-4204
999 _c45434
_d45434